000 00390nam a22001697a 4500
005 20160526120306.0
008 160526b xxu||||| |||| 00| 0 eng d
020 _a0-07-047359-5
041 _aeng
082 _b5193
100 _aChandra, Prasanna
_91156
245 _aProjects
260 _aNew Delhi
_bAcademic Faundation
300 _a742
650 _aManagement
_9241
942 _cBK
999 _c1821
_d1820